Histórias à brasileira (Record no. 74644)

MARC details
000 -LÍDER
campo de controle de tamanho fixo 00572 a2200229 4500
001 - NÚMERO DE CONTROLE
campo de controle 74644
020 ## - ISBN - INTERNATIONAL STANDARD BOOK NUMBER
ISBN - International Standard Book Number 9788574062969
041 ## - CÓDIGO DE IDIOMA
Código do idioma do texto/trilha sonora ou título diferente por
082 ## - CDD - CLASSIFICAÇÃO DECIMAL DE DEWEY
Número de Classificação P Year 4 028
040 ## - FONTE DA CATALOGAÇÃO
Instituição da catalogação original BR-BrIDEA
Instituição que transcreveu o registro BR-BrIDEA
090 ## - NÚMERO DE CHAMADA LOCAL
Número de chamada (OCLC) (R); Número de chamada, CALL (RLIN) (NR) P Year 4 028
Número Cutter local (OCLC); Número de classificação do livro, CALL (RLIN) MAC
100 ## - ENTRADA PRINCIPAL--NOME PESSOAL
Nome pessoal Machado, Ana Maria
Datas associadas ao nome 1941
250 ## - EDIÇÃO
Edição . ed.
245 10 - TÍTULO
Título Histórias à brasileira
Restante do título O pavão misterioso e outras
Indicação de responsabilidade, etc. Ana Mari Machado
260 ## - PUBLICAÇÃO, DISTRIBUIÇÃO, ETC.
Local de publicação, distribuição, etc. São Paulo
Nome do editor, distribuidor, etc. Companhia das Letrinhas
Data da publicação, distribuição, etc. 2008
300 ## - DESCRIÇÃO FÍSICA
Extensão il.
490 ## - TÍTULO DA SÉRIE
Título da série v.3
697 ## - ENTRADA DE ASSUNTO LOCAL--ENTIDADE COLETIVA (RLIN)
Nome corporativo ou nome da jurisdição Contos
830 ## - ENTRADA SECUNDÁRIA DE SÉRIE--TÍTULO UNIFORME
Título uniforme v.3
856 ## - LOCALIZAÇÃO ELETRÔNICA E ACESSO
Uniform Resource Identifier <a href="000022/00002271.jpg">000022/00002271.jpg</a>
942 ## - ELEMENTOS DE ENTRADA ADICIONADOS (KOHA)
Tipo de material Koha Livros
Holdings
Situação do descarte Situação das perdas Situação física Não pode ser emprestado Biblioteca de origem Biblioteca atual Data de aquisição Total de empréstimos Número de chamada completo Código de barras Data de último acesso Data do preço efetivo Tipo de material Koha Fonte da classificação ou esquema de arquivamento na estante Data do último empréstimo Devolução em
        Colégio São Paulo Colégio São Paulo 22/11/2023   LI 028.5 M149h 5467/CSP 22/11/2023 22/11/2023 Livros      
        ECB - SUDOESTE ECB - SUDOESTE 21/05/2014 1 P Year 4 028 00008968SSW 21/05/2024 23/01/2024 Livros Classificação Decimal de Dewey 21/05/2024 20/07/2024
        ECB - SUDOESTE ECB - SUDOESTE 21/05/2014 1 P Year 4 028 00008967SSW 21/05/2024 23/01/2024 Livros Classificação Decimal de Dewey 21/05/2024 20/07/2024
        ECB - SUDOESTE ECB - SUDOESTE 21/05/2014 1 P Year 4 028 00008969SSW 21/05/2024 23/01/2024 Livros Classificação Decimal de Dewey 21/05/2024 20/07/2024
        ECB - ÁGUAS CLARAS ECB - ÁGUAS CLARAS 08/11/2022 1 AP Year 4 028 MAC 00059393AGC 27/06/2024 23/01/2024 Livros Classificação Decimal de Dewey 15/05/2024